Foundations of psychiatric mental health nursing / (Record no. 106702)

MARC details
000 -LEADER
campo de control de longitud fija 01448cam a2200469 a 4500
001 - NÚMERO DE CONTROL
campo de control 78383
005 - FECHA Y HORA DE LA ÚLTIMA TRANSACCIÓN
campo de control 20230411085732.0
008 - DATOS DE LONGITUD FIJA--INFORMACIÓN GENERAL
campo de control de longitud fija 891120s1990 paua 000 0 eng
010 ## - NÚMERO DE CONTROL DE LA BIBLIOTECA DEL CONGRESO
Número de control de LC 89070091
035 ## - NÚMERO DE CONTROL DEL SISTEMA
Número de control de sistema (OCoLC)ocm20757027
040 ## - FUENTE DE CATALOGACIÓN
Centro catalogador/agencia de origen DNLM/DLC
Centro/agencia transcriptor DLC
Centro/agencia modificador NLM
-- UKM
-- BTCTA
-- LVB
-- YDXCP
015 ## - NÚMERO DE BIBLIOGRAFÍA NACIONAL
Número de bibliografía nacional GB91-13343
016 7# - NÚMERO DE CONTROL DE UNA AGENCIA BIBLIOGRÁFICA NACIONAL
Número de control del registro 8917806
Fuente DNLM
019 ## -
-- 20893479
-- 27431199
020 ## - NÚMERO INTERNACIONAL ESTÁNDAR DEL LIBRO
Número Internacional Estándar del Libro 0721619762
020 ## - NÚMERO INTERNACIONAL ESTÁNDAR DEL LIBRO
Número Internacional Estándar del Libro 9780721619767
029 1# - OTRO NÚMERO DE CONTROL DE SISTEMA (OCLC)
Identificador de la biblioteca OCLC NLM
Número de control de sistema 8917806
029 1# - OTRO NÚMERO DE CONTROL DE SISTEMA (OCLC)
Identificador de la biblioteca OCLC UKM
Número de control de sistema b9113343
029 1# - OTRO NÚMERO DE CONTROL DE SISTEMA (OCLC)
Identificador de la biblioteca OCLC NLGGC
Número de control de sistema 057309922
029 1# - OTRO NÚMERO DE CONTROL DE SISTEMA (OCLC)
Identificador de la biblioteca OCLC NZ1
Número de control de sistema 4227679
029 1# - OTRO NÚMERO DE CONTROL DE SISTEMA (OCLC)
Identificador de la biblioteca OCLC AU@
Número de control de sistema 000006851700
035 ## - NÚMERO DE CONTROL DEL SISTEMA
Número de control de sistema (OCoLC)20757027
Número de control cancelado/no válido (OCoLC)20893479
-- (OCoLC)27431199
050 14 - SIGNATURA TOPOGRÁFICA DE LA BIBLIOTECA DEL CONGRESO
Número de clasificación RC440
Número de ítem V289f 1990
060 00 - SIGNATURA TOPOGRÁFICA DE LA NATIONAL LIBRARY OF MEDICINE
Número de clasificación WY 160
Número de ítem V278f 1990
082 00 - NÚMERO DE LA CLASIFICACIÓN DECIMAL DEWEY
Número de clasificación 610.73/68
Número de edición 20
049 ## - FONDOS LOCALES (OCLC)
Biblioteca depositaria GRAL
245 00 - MENCIÓN DEL TÍTULO
Título Foundations of psychiatric mental health nursing /
Mención de responsabilidad, etc. [edited by] Elizabeth M. Varcarolis.
260 ## - PUBLICACIÓN, DISTRIBUCIÓN, ETC.
Lugar de publicación, distribución, etc. Philadelphia :
Nombre del editor, distribuidor, etc. Saunders,
Fecha de publicación, distribución, etc. 1990.
300 ## - DESCRIPCIÓN FÍSICA
Extensión xviii, 883 p. :
Otras características físicas ill. ;
Dimensiones 29 cm.
650 #0 - PUNTO DE ACCESO ADICIONAL DE MATERIA--TÉRMINO DE MATERIA
Término de materia o nombre geográfico como elemento de entrada Psychiatric nursing.
653 0# - TÉRMINO DE INDIZACIÓN--NO CONTROLADO
Término no controlado Mental disorders
-- Nursing
650 #6 - PUNTO DE ACCESO ADICIONAL DE MATERIA--TÉRMINO DE MATERIA
Término de materia o nombre geográfico como elemento de entrada Soins infirmiers en psychiatrie.
650 #2 - PUNTO DE ACCESO ADICIONAL DE MATERIA--TÉRMINO DE MATERIA
Término de materia o nombre geográfico como elemento de entrada Mental Disorders
Subdivisión general nursing.
650 #2 - PUNTO DE ACCESO ADICIONAL DE MATERIA--TÉRMINO DE MATERIA
Término de materia o nombre geográfico como elemento de entrada Psychiatric Nursing.
700 1# - ENTRADA AGREGADA--NOMBRE PERSONAL
Nombre de persona Varcarolis, Elizabeth M.
740 01 - ENTRADA AGREGADA--TÍTULO RELACIONADO/ANALÍTICO NO CONTROLADO
Título relacionado o analítico no controlado Psychiatric mental health nursing.
938 ## -
-- Baker and Taylor
-- BTCP
-- 89070091 //r94
938 ## -
-- YBP Library Services
-- YANK
-- 600955
942 ## - ELEMENTOS DE ENTRADA SECUNDARIOS (KOHA)
Fuente del sistema de clasificación o colocación Clasificación de Library of Congress
Tipo de ítem Koha
994 ## -
-- C0
-- DRFGD
946 ## - PROCESAMIENTO DE INFORMACIÓN LOCAL (OCLC)
a RdC
Holdings
Estatus retirado Estado de pérdida Fuente del sistema de clasificación o colocación Estado de daño No para préstamo Colección Biblioteca de origen Biblioteca actual Ubicación en estantería Fecha de adquisición Signatura topográfica completa Código de barras Visto por última vez Copia número Tipo de ítem Koha
    Clasificación de Library of Congress     Automatización y Procesos Técnicos Biblioteca Juan Bosch Biblioteca Juan Bosch Automatización y Procesos Técnicos (1er. Piso) 11/04/2023 RC440 V289f 1990 00000068890 17/02/2019 1